Popularne zagraniczne piosenki w Polsce. 05-11.03 Spotify - Statystyki

Ogólne statystyki
  • Ten quiz został rozwiązany 5 razy
  • Średni wynik to 9 z 30
Statystyki odpowiedzi
Wykonawca Odsłuchania Utwór % Poprawnych
The Weeknd 346K Blinding Lights
100%
Harry Styles 189K Watermelon Sugar
75%
Olivia Rodrigo 511K drivers license
50%
Dua Lipa, DaBaby 252K Levitating
50%
The Weeknd 479K Save Your Tears
50%
Doja Cat 321K Streets
50%
ElyOtto 226K SugarCrash!
50%
Robin Schulz, KIDDO 209K All We Got
25%
Duncan Laurence 204K Arcade
25%
Masked Wolf 255K Astronaut In The Ocean
25%
The Neighbourhood 190K Daddy Issues
25%
Alok, Ilkay Sencan, Tove Lo 224K Don't Say Goodbye
25%
Riton, Nightcrawlers, Mufasa, Hypeman 365K Friday
25%
Joel Corry, MNEK 213K Head & Heart
25%
24kGoldn, iann dior 288K Mood
25%
Ava Max 202K My Head & My Heart
25%
MEDUZA, Dermot Kennedy 289K Paradise
25%
Miley Cyrus, Dua Lipa 252K Prisoner
25%
SAINt JHN, Imanbek 185K Roses
25%
The Neighbourhood 264K Sweater Weather
25%
Kali Uchis 197K telepatia
25%
Tiesto 385K The Business
25%
Billie Eilish 195K Therefore I Am
25%
Tate McRae 226K you broke me first
25%
Ofenbach, Quarterhead, Norma Jean Machine 194K Head Shoulders Knees & Toes
0%
Justin Bieber 216K Hold On
0%
Ofenbach, Lagique 208K Wasted Love
0%
Dua Lipa 210K We're Good
0%
The Kid LAROI 191K WITHOUT YOU
0%
ATB, Topic, A7S 223K Your Love (9PM)
0%
Nie znaleziono quizów pasujących do podanych kryteriów
Rozkład punktacji
Procent ludzi z każdym wynikiem
Percentyl według liczby udzielonych odpowiedzi
Twoja historia wyników
Nie rozwiązałeś tego quizu